Nombra el videojuego - Name the Videogame - Estadísticas

Estadísticas generales
  • Esta prueba ha sido intentada 108 veces
  • La puntuación promedio es 7 de 10
Estadísticas de respuestas
Videojuegos en Español Answer in English % Correcto
hombre pac PAC MAN
96%
raBlox Roblox
93%
valorante Valorant
91%
Destino 2 Destiny 2
90%
geometría estrellarse Geometry Dash
87%
gran robo de auto 5 GTA V
87%
Mundo de Warcraft World of Warcraft
87%
caída tipo Fall Guys
60%
Fuerte Noche Fortnite
51%
Supervisión Overwatch
7%
No se encontraron pruebas coincidentes
Distribución de puntuación
Porcentaje de gente con cada puntuación
Porcentaje por número respondido
Historial de tus puntuaciones
No has intentado esta prueba.